zpět

Detail výsledku týmu

Pub U Sousedů, Praha

Datum a čas kvízu

25.5 Celkem bodů Celkový počet nahraných bodů na tomto kvízu bez doplňovacích otázek.
1. Pořadí na kvízu Konečné umístění týmu na tomto kvízu.

Zaznamenané odpovědi

# Otázka Odpověď Body Výsledky
1. Jeden myslivec šel v minulých... tabák 0
2. Vítězem úterních parlamentních... Likud 1
3. Deset koncertů a dost! Jak se... Spirituál kvintet 1
4. Strakonická firma, specializuj... Moira 0
5. Jedničkou výběru kapitána Petr... Lucie Šafářová 0
6. V tomto tématu se podíváme na... Všechno bude, Zelená kniha 0
5. Road movie, v níž se dva bratř... Charlie, Raymond 0.5
8. Komediální road movie Pařba ve... Vo štvorici po opici 0
5. V českém prostředí jsou v dneš... v Indii 0
10. Jistou formou road movies jsou... v Argentině 0